| 000 | 01714cam a2200433 4500 | ||
|---|---|---|---|
| 001 | 188081613X | ||
| 003 | DE-627 | ||
| 005 | 20250109130438.0 | ||
| 007 | tu | ||
| 008 | 240214s2022 gw ||||| 00| ||ger c | ||
| 015 |
_a24,A07 _2dnb |
||
| 016 | 7 |
_a1309735735 _2DE-101 |
|
| 020 |
_a9783966110310 _c : Broschur |
||
| 035 | _a(DE-627)188081613X | ||
| 035 | _a(DE-599)DNB1309735735 | ||
| 035 | _a(OCoLC)1403383824 | ||
| 040 |
_aDE-627 _bger _cDE-2959 _erda |
||
| 041 | _ager | ||
| 044 | _cXA-DE | ||
| 082 | 0 | 4 |
_a830 _aB _qDE-101 |
| 084 |
_a18.10 _2bkl |
||
| 084 |
_a17.97 _2bkl |
||
| 100 | 1 |
_aGaudy, Franz von _d1800-1840 _eVerfasserIn _0(DE-588)104234431 _0(DE-627)134169425 _0(DE-576)161070523 _4aut |
|
| 245 | 1 | 0 |
_aAus dem Tagebuche eines wandernden Schneidergesellen / _cFranz von Gaudy ; Illustrationen von Rainer Ehrt ; mit einem Nachwort herausgegeben von Doris Fouquet-Plümacher |
| 250 | _aLimitierte erste Auflage. | ||
| 264 | 1 |
_aGransee: _bEdition Schwarzdruck, _c2022. |
|
| 300 |
_a138 Seiten: _bIllustrationen _c22 cm |
||
| 336 |
_aText _btxt _2rdacontent |
||
| 337 |
_aohne Hilfsmittel zu benutzen _bn _2rdamedia |
||
| 338 |
_aBand _bnc _2rdacarrier |
||
| 655 | 7 |
_aFiktionale Darstellung _0(DE-588)1071854844 _0(DE-627)82648378X _0(DE-576)43337439X _2gnd-content |
|
| 700 | 1 |
_aEhrt, Rainer _d1960- _eIllustratorIn _0(DE-588)122793064 _0(DE-627)082158703 _0(DE-576)215873181 _4ill |
|
| 700 | 1 |
_aFouquet-Plümacher, Doris _d1940- _eVerfasserIn eines Nachworts _0(DE-588)1047963302 _0(DE-627)779642961 _0(DE-576)401796698 _4aft |
|
| 856 | 4 | 2 |
_uhttps://d-nb.info/1309735735/04 _mB:DE-101 _qapplication/pdf _3Inhaltsverzeichnis |
| 936 | b | k | _a18.10 |
| 936 | b | k | _a17.97 |
| 942 |
_2z _cB |
||
| 951 | _aBO | ||
| 999 |
_c373550 _d373550 |
||